Leader For Every MLB Stat This Season - Statistics

General Stats
  • This quiz has been taken 14 times
  • The average score is 54 of 80
Answer Stats
Hint Answer % Correct
On-Base Plus Slugging (Yankees OF) Aaron Judge (1.144)
100%
Runs Created (Yankees OF) Aaron Judge (173)
100%
Rbat+ (Yankees OF) Aaron Judge (212)
100%
Adjusted OPS+ (Yankees OF) Aaron Judge (215)
100%
Times On Base (Yankees OF) Aaron Judge (310)
100%
Batting Average (Yankees OF) Aaron Judge (.331)
100%
Intentional Walks (Yankees OF) Aaron Judge (36)
100%
On-Base Percentage (Yankees OF) Aaron Judge (.457)
100%
robust On-Base Average (Yankees OF) Aaron Judge (.461)
100%
Championship Win Probability Added (Yankees OF) Aaron Judge (4.9)
100%
Slugging Percentage (Yankees OF) Aaron Judge (.688)
100%
Base-Out Wins Added (Yankees OF) Aaron Judge (7.2)
100%
Base-Out Runs Added (Yankees OF) Aaron Judge (73.51)
100%
Situational Wins Added (Yankees OF) Aaron Judge (7.9)
100%
Offensive Win Percentage (Yankees OF) Aaron Judge (.857)
100%
Adjusted Batting Wins (Yankees OF) Aaron Judge (8.9)
100%
Adjusted Batting Runs (Yankees OF) Aaron Judge (9.2)
100%
Offensive WAR (Yankees OF) Aaron Judge (9.3)
100%
WAR Position Players (Yankees )F) Aaron Judge (9.7)
100%
WAR (Yankees OF) Aaron Judge (9.7)
100%
Runs Scored (Dodgers DH) Shohei Ohtani (146)
100%
Total Bases (Dodgers DH) Shohei Ohtani (380)
100%
Win Probability Added (Dodgers DH) Shohei Ohtani (5.9)
100%
Extra Base Hits (Dodgers DH) Shohei Ohtani (89)
100%
Home Runs Hitting (Mariners C) Cal Raleigh (60)
85%
At-Bat Per Home Run (Mariners C) Cal Raleigh (9.9)
85%
Walks Hitting (Mets OF) Juan Soto (127)
85%
Power Speed Percentage (Mets OF) Juan Soto (40.3)
85%
Hits Hitting (Royals INF) Bobby Witt Jr (184)
77%
Doubles (Royals INF) Bobby Witt Jr (47)
77%
Plate Apperances (Mets INF) Francisco Lindor (732)
77%
Outs Made (Mariners OF) Julio Rodriguez (501)
77%
At Bats (Mariners OF) Julio Rodriguez (652)
77%
Runs Batted In (Phillies DH) Kyle Schwarber (132)
77%
Earned Run Average (Pirates SP) Paul Skenes (1.97)
77%
Adjusted Earned Run Average Plus (Pirates SP) Paul Skenes (217)
77%
Fielding Independant Pitching (Pirates SP) Paul Skenes (2.36)
77%
Adjusted Pitching Runs (Pirates SP) Paul Skenes (47)
77%
Base-Out Runs Saved (Pirates SP) Paul Skenes (50.62)
77%
Adjusted Pitching Wins (Pirates SP) Paul Skenes (5.1)
77%
Win Probability Added (Pirates SP) Paul Skenes (5.1)
77%
Home Runs Allowed Per 9 Innings (Pirates SP) Paul Skenes (.528)
77%
Base-Out Wins Saved (Pirates SP) Paul Skenes (5.5)
77%
Strikeouts Hitting (Nationals OF) James Wood (221)
69%
Pitching Wins (Yankees SP) Max Fried (19)
69%
Walks Per 9 Innings Pitched (Tiger SP) Tarik Skubal (1.520)
69%
Situational Wins Saved (Tigers SP) Tarik Skubal (5.2)
69%
Strikeouts Per Walks Allowed (Tigers SP) Tarik Skubal (7.303)
69%
Walks And Hits Per Inning Pitched (Tiger SP) Tarik Skubal (.891)
69%
Triples (Diamonbacks OF) Corbin Carroll (17)
62%
Strikeouts Pitching (Red Sox SP) Garrett Crochet (255)
62%
Games Played (Giants INF) Rafael Devers (163)
54%
Stolen Base Percentage (Twins OF) Byron Buxton (100%)
46%
Defensive WAR (Blue Jays INF) Ernie Clement (2.9)
46%
Doubles Plays Grounded Into (Rays INF) Junior Caminero (31)
46%
Innings Pitched (Giants SP) Logan Webb (207.0)
46%
Hits Allowed Pitching (Giants SP) Logan Webb (210)
46%
Games Started (Giants SP) Logan Webb (34)
46%
Batters Faced (Giants SP) Logan Webb (856)
46%
Singles (Padres INF) Luis Arraez (139)
46%
At-Bat Per Strikeout (Padres INF) Luis Arraez (29.5)
46%
Hits Per 9 Innings Pitched (Dodgers SP) Yoshinobu Yamamoto (5.856)
46%
Championship Win Percentage Added (Phillies SP) Christopher Sanchez (3.2)
38%
WAR For Pitchers (Phillies SP) Christopher Sanchez (8.0)
38%
Strikeouts Per 9 Innings Pitched (Padres SP) Dylan Cease (11.518)
38%
Stolen Bases (Yankees UTIL) Jose Caballero (49)
38%
Sacrifice Flys (Cubs OF) Pete Crow Armstrong (12)
38%
Hit By Pitch (Mariners OF) Randy Arozarena (27)
31%
Saves (Royals CP) Carlos Estevez (42)
23%
Caught Stealing (Rays OF) Chandler Simpson (12)
23%
Losses (Rockies SP) Kyle Freeland (17)
23%
Hit By Pitches (Athletics SP) Luis Severino (16)
23%
Walks Pitching (Guardians SP) Gavin Williams (83)
15%
Games Finished (Blue Jays CP) Jeff Hoffman (59)
15%
Win-Loss Percentage (Brewers SP) Quinn Priester (.812)
15%
Games Pitched (Mets RP) Tyler Rogers (81)
15%
Complete Games (Astros, Reds, and Guardians SP)) Framber Valdez, Nick Lodolo, Tanner Bibee (2)
8%
Earned Runs (Nationals SP) Jake Irvin (114)
8%
Home Runs Allowed Pitching (Nationals SP) Jake Irvin (38)
8%
Sacrifice Hits (Royals INF) Kyle Isbel (13)
8%
No matching quizzes found
Score Distribution
Percent of People with Each Score
Percentile by Number Answered
Your Score History
You have not taken this quiz